000 00309nam a22001337a 4500
008 170816b xxu||||| |||| 00| 0 eng d
020 _a9780131996724
041 _aeng
080 _a51
100 _a36
101 _aMAT
245 _aCALCULUS FOR BIOLOGY AND MEDICINE
_cNEUHAUSER.C
942 _2udc
_cBK
999 _c23725
_d23725